| 000 | 00887nas a2200277 4500 | ||
|---|---|---|---|
| 001 | BR0900005 | ||
| 003 | BR-BrBNA | ||
| 005 | 20231205112949.0 | ||
| 007 | ta | ||
| 008 | 230509b bl.|||p| |||| 00| 00por d | ||
| 040 |
_aBR-BrBNA _bpor _cBiblioteca Nacional de Agricultura |
||
| 041 | _a(Pt) | ||
| 072 | _aF06 | ||
| 100 | 1 | _aFigueiredo, F.P. | |
| 100 | 1 | _aFaria, M.A. de | |
| 100 | 1 | _aOliveira, F.G. | |
| 245 | 1 | _aEfeito de diferentes lâminas d'água e percentagens de área umedecida sobre o desenvolvimento vegetativo e produção da bananeira (Musa SP)cultivar Prata-Anã | |
| 650 | _aIRRIGAÇÃO | ||
| 650 | _aPRODUÇÃO VEGETAL | ||
| 650 | _aBANANA | ||
| 650 | _aCLIMA | ||
| 650 | _aLAVRAS | ||
| 773 | 0 |
_tRevista Ceres (Brazil) _xISSN 0034-737X _g(Mar-Apr 2007), v. 54(312) p. 126-132 _wBR0900005 |
|
| 909 |
_a202311 _bLúcia _c55 _dLúcia Elande |
||
| 942 |
_2AGRIS _n0 _cANA |
||
| 999 |
_c201058 _d201058 |
||